|
|
|
|
| LEADER |
02249nam a2200577 a 4500 |
| 001 |
nkc20081790871 |
| 003 |
CZ PrNK |
| 005 |
20080522090756.0 |
| 007 |
ta |
| 008 |
080208s2008 xr c e f 000 0 cze |
| 015 |
|
|
|a cnb001790871
|
| 020 |
|
|
|a 978-80-87153-81-9
|q (brož.) :
|c neprodejné
|
| 035 |
|
|
|a (OCoLC)236556701
|
| 040 |
|
|
|a BOA001
|b cze
|
| 043 |
|
|
|a e-xr---
|
| 072 |
|
7 |
|a 347.7
|x Obchodní právo. Finanční právo. Právo průmyslového vlastnictví. Patentové právo. Autorské právo
|2 Konspekt
|9 16
|
| 080 |
|
|
|a 81'25-051
|2 MRF
|
| 080 |
|
|
|a 347.72
|2 MRF
|
| 080 |
|
|
|a 336.22
|2 MRF
|
| 080 |
|
|
|a 351.72
|2 MRF
|
| 080 |
|
|
|a 364.3
|2 MRF
|
| 080 |
|
|
|a 364.32
|2 MRF
|
| 080 |
|
|
|a (437.3)
|2 MRF
|
| 080 |
|
|
|a (035)
|2 MRF
|
| 080 |
|
|
|a (094.5)
|2 MRF
|
| 100 |
1 |
|
|a Hejkrlík, Milan,
|d 1978-
|7 mzk2008434249
|4 aut
|
| 245 |
1 |
0 |
|a Základní orientace tlumočníka v ekonomikcé [i.e. ekonomické] oblasti /
|c Milan Hejkrlík
|
| 250 |
|
|
|a Vyd. 1.
|
| 260 |
|
|
|a Praha :
|b Česká komora tlumočníků znakového jazyka,
|c c2008
|
| 300 |
|
|
|a 85 s. :
|b portrét ;
|c 21 cm
|
| 500 |
|
|
|a Vydáno v rámci projektu Vyškolení lektorů a vytvoření výukových materiálů pro tlumočníky znakového jazyka, transliterátory znakované češtiny a vizualizátory mluvené češtiny
|
| 504 |
|
|
|a Obsahuje bibliografii
|
| 650 |
0 |
7 |
|a tlumočníci
|7 ph126670
|2 czenas
|
| 650 |
0 |
7 |
|a živnostenské podnikání
|7 ph128019
|z Česko
|2 czenas
|
| 650 |
0 |
7 |
|a daně
|7 ph114293
|z Česko
|2 czenas
|
| 650 |
0 |
7 |
|a sociální pojištění
|7 ph116209
|z Česko
|2 czenas
|
| 650 |
0 |
7 |
|a zdravotní pojištění
|7 ph116746
|z Česko
|2 czenas
|
| 650 |
0 |
9 |
|a interpreters
|2 eczenas
|
| 650 |
0 |
9 |
|a business enterprises
|z Czechia
|2 eczenas
|
| 650 |
0 |
9 |
|a taxation
|z Czechia
|2 eczenas
|
| 650 |
0 |
9 |
|a social insurance
|z Czechia
|2 eczenas
|
| 650 |
0 |
9 |
|a health insurance
|z Czechia
|2 eczenas
|
| 655 |
|
7 |
|a příručky
|7 fd133209
|2 czenas
|
| 655 |
|
7 |
|a právní předpisy
|7 fd133151
|2 czenas
|
| 655 |
|
9 |
|a handbooks and manuals
|2 eczenas
|
| 655 |
|
9 |
|a legal regulations
|2 eczenas
|
| 910 |
2 |
|
|a BOA001
|b 2-1198.844
|
| 990 |
|
|
|a BK
|
| 995 |
|
|
|a 01
|
| 991 |
|
|
|b 200803
|c NOV
|
| 996 |
6 |
|
|b 2610335764
|c 2-1198.844
|l MZK
|r Sklad / do 1 hodiny
|n 0
|p p.v.
|w 000887397
|u 000010
|a 1
|e BOA001
|j MZK50
|s P
|